[Event "XXXII Festival A"]
[Site "Arco ITA"]
[Date "2010.10.16"]
[Round "1"]
[White "Niccoli, Paolo"]
[Black "Mulone, Gaspare"]
[Result "1-0"]
[WhiteElo "1962"]
[BlackElo "1708"]
[PlyCount "119"]
[EventDate "2010.10.16"]

1. e4 d6 2. d4 g6 3. Nc3 Bg7 4. Be3 Nf6 5. f3 a6 6. Qd2 O-O 7. O-O-O Nbd7 8. g4
b5 9. h4 h5 10. gxh5 Nxh5 11. Bh6 e5 12. Bxg7 Kxg7 13. d5 Rh8 14. Nge2 Qf6 15.
Qe3 Nf4 16. Qf2 Bb7 17. Bh3 Nb6 18. Bg4 Rag8 19. Nxf4 exf4 20. h5 gxh5 21. Rxh5
Rxh5 22. Bxh5 Kf8 23. Rg1 Rxg1+ 24. Qxg1 Qh4 25. Bg4 Qg3 26. Qxg3 fxg3 27. Ne2
c6 28. dxc6 Bxc6 29. Nxg3 d5 30. b3 dxe4 31. fxe4 f6 32. Kd2 Ke7 33. Nf5+ Ke6
34. Nd4+ Kd6 35. Ke3 Bd7 36. Bxd7 Nxd7 37. Nf3 Kc5 38. a3 a5 39. Kf4 a4 40. Kf5
Kd6 41. Nd4 axb3 42. cxb3 Kc5 43. Ne6+ Kd6 44. b4 Ne5 45. Nd4 Ke7 46. Nxb5 Nd3
47. Nd4 Nb2 48. b5 Na4 49. Nc6+ Kd6 50. Kxf6 Kc5 51. e5 Nb6 52. Na7 Nd5+ 53.
Ke6 Nc7+ 54. Kd7 Kb6 55. Nc8+ Kb7 56. a4 Nd5 57. Nd6+ Kb6 58. Nc4+ Kc5 59. b6
Kxc4 60. b7 1-0

[Event "XXXII Festival A"]
[Site "Arco ITA"]
[Date "2010.10.16"]
[Round "1"]
[White "Nicolodi, Raoul"]
[Black "Carrozza, Gregorio"]
[Result "1-0"]
[WhiteElo "1939"]
[BlackElo "1667"]
[PlyCount "73"]
[EventDate "2010.10.16"]

1. c4 d6 2. Nc3 Nf6 3. Nf3 Nbd7 4. g3 g6 5. Bg2 Bg7 6. O-O e5 7. d3 O-O 8. Rb1
c6 9. b4 d5 10. cxd5 Nxd5 11. Nxd5 cxd5 12. Qb3 e4 13. dxe4 dxe4 14. Ng5 Nb6
15. Rd1 Qe7 16. Nxe4 Bf5 17. Bg5 Qe8 18. Nd6 Qxe2 19. Nxf5 gxf5 20. Re1 Qh5 21.
Bf4 Rfe8 22. Bxb7 Bd4 23. Bxa8 Rxa8 24. Kg2 Bxf2 25. Kxf2 Qxh2+ 26. Kf3 Qh5+
27. Kg2 Qg6 28. Rbc1 Rd8 29. Qf3 Nd5 30. Rcd1 Qc6 31. Kg1 Qc4 32. Qd3 Qc6 33.
Qd4 Qg6 34. Qc5 Kg7 35. Rxd5 Rxd5 36. Qxd5 Qb6+ 37. Qc5 1-0

[Event "XXXII Festival A"]
[Site "Arco ITA"]
[Date "2010.10.16"]
[Round "1"]
[White "Panarello, Giuseppe"]
[Black "Drasko, Milan"]
[WhiteElo "1925"]
[BlackElo "2486"]
[Result "0-1"]
[PlyCount "86"]
[EventDate "2010.10.16"]

1. d4 e6 2. Nf3 Nf6 3. Bf4 b6 4. e3 Bb7 5. h3 d6 6. Bd3 Nbd7 7. O-O Qe7 8. Bh2
e5 9. Bc4 e4 10. Nfd2 g6 11. a4 a6 12. c3 Bg7 13. Na3 O-O 14. Nc2 h6 15. Qe2 c5
16. Rfd1 Rfc8 17. Bb3 Ne8 18. Nc4 d5 19. Nd2 c4 20. Ba2 Nd6 21. Nb4 a5 22. Nc2
Nf6 23. Rdc1 Nf5 24. Bb1 Bc6 25. Ne1 Qe8 26. Bc2 b5 27. axb5 Bxb5 28. Qd1 Nd7
29. Ba4 Nb6 30. Bxb5 Qxb5 31. Qc2 a4 32. Nb1 Qc6 33. Na3 g5 34. Qe2 Re8 35.
Nec2 Bf8 36. Rcb1 Bd6 37. Bxd6 Qxd6 38. Nb4 Nh4 39. Qh5 Kg7 40. Nac2 f5 41. Rf1
Re7 42. Na2 Nd7 43. Nc1 Nf3+ 0-1

[Event "XXXII Festival A"]
[Site "Arco ITA"]
[Date "2010.10.16"]
[Round "1"]
[White "Panjkovic, Aleksandar"]
[Black "De Bettin, Sergio"]
[Result "1-0"]
[WhiteElo "2137"]
[BlackElo "1825"]
[PlyCount "121"]
[EventDate "2010.10.16"]

1. c4 c5 2. g3 Nc6 3. Bg2 g6 4. e3 Bg7 5. Ne2 Nf6 6. Nbc3 Ne5 7. d3 O-O 8. O-O
d6 9. f4 Nc6 10. Rb1 Rb8 11. a3 e6 12. b4 cxb4 13. axb4 d5 14. b5 Ne7 15. c5 a6
16. bxa6 Qc7 17. axb7 Rxb7 18. Rxb7 Bxb7 19. d4 Ba6 20. Bd2 Rb8 21. Qc2 Rb7 22.
Rb1 Qb8 23. Bf3 Nc6 24. Rxb7 Qxb7 25. Qb1 Qxb1+ 26. Nxb1 Ne4 27. Bxe4 dxe4 28.
Nbc3 f5 29. Kf2 Ne7 30. Na2 Nc6 31. Nb4 Nxb4 32. Bxb4 Bb7 33. Nc3 Kf7 34. Nb5
Bf8 35. Na7 Ba6 36. Ba5 Ke8 37. Nc6 Bc8 38. g4 Be7 39. Kg3 Ba6 40. h4 Be2 41.
gxf5 gxf5 42. Nb8 Bd8 43. Bxd8 Kxd8 44. Nc6+ Kc7 45. Ne5 Bh5 46. Kf2 Be8 47.
Ke2 Ba4 48. Kd2 Be8 49. Kc3 Bh5 50. d5 exd5 51. Kd4 Bg4 52. Kxd5 Bh3 53. Ke6 h5
54. Kd5 Bg4 55. Nf7 Bd1 56. Nd6 Bg4 57. Nb5+ Kc8 58. Kd6 Be2 59. Nd4 Bg4 60. c6
Bh3 61. c7 1-0

[Event "XXXII Festival A"]
[Site "Arco ITA"]
[Date "2010.10.16"]
[Round "1"]
[White "Pegoraro, Nicola"]
[Black "Pistone, Salvatore"]
[Result "1-0"]
[WhiteElo "1975"]
[BlackElo "1725"]
[PlyCount "82"]
[EventDate "2010.10.16"]

1. e4 c5 2. Nf3 d6 3. d4 cxd4 4. Nxd4 Nf6 5. Nc3 a6 6. Bg5 e6 7. f4 Be7 8. Qf3
Nc6 9. O-O-O Qc7 10. f5 Nxd4 11. Rxd4 b5 12. fxe6 fxe6 13. e5 dxe5 14. Nxb5
axb5 15. Bxb5+ Kf7 16. Qxa8 exd4 17. Qf3 Qe5 18. Bxf6 Bxf6 19. Qd3 Qe3+ 20.
Qxe3 dxe3 21. Bd3 Bb7 22. Rg1 Rc8 23. Kb1 g6 24. a4 e5 25. a5 e4 26. Be2 Rb8
27. Rd1 Bc8 28. b3 Bc3 29. a6 Bd2 30. Kb2 Ra8 31. Ra1 Ke7 32. c3 Be6 33. b4 Kd7
34. Ra5 Rc8 35. Ra3 Kc7 36. b5 Kb6 37. c4 Ka7 38. Kb3 Bxc4+ 39. Bxc4 Rxc4 40.
Kxc4 e2 41. b6+ Ka8 1-0

[Event "XXXII Festival A"]
[Site "Arco ITA"]
[Date "2010.10.16"]
[Round "1"]
[White "Pretto, Aldo"]
[Black "Aigner, Georg"]
[Result "0-1"]
[WhiteElo "1741"]
[BlackElo "1986"]
[PlyCount "92"]
[EventDate "2010.10.16"]

1. Nf3 d5 2. g3 Nf6 3. Bg2 Nbd7 4. O-O e5 5. d3 Bd6 6. Nbd2 O-O 7. e4 Nb6 8.
Qe2 Re8 9. b3 Bg4 10. h3 Bd7 11. Bb2 d4 12. a4 a5 13. Ne1 c5 14. f4 exf4 15.
gxf4 Nfd5 16. e5 Bc7 17. Ne4 Ne3 18. Rf3 Bc6 19. Rg3 Nbd5 20. Qf2 Bb6 21. Bc1
Kh8 22. Bxe3 Nxe3 23. Bh1 Bxe4 24. Bxe4 f6 25. exf6 Qxf6 26. Ng2 Nf5 27. Rg5
Nd6 28. Re1 c4 29. Qf3 cxb3 30. cxb3 Re7 31. Nh4 Rae8 32. Nf5 Nxf5 33. Rxf5
Qxf5 34. Bxf5 Rxe1+ 35. Kf2 R1e7 36. Be4 Rf8 37. f5 g6 38. Kg2 Ref7 39. Bxb7
Rxf5 40. Qc6 R8f6 41. Qe8+ Kg7 42. Qe7+ Rf7 43. Qh4 Rxb7 44. Qe4 Rbf7 45. Qc6
Rg5+ 46. Kh2 Bc7+ 0-1

[Event "XXXII Festival A"]
[Site "Arco ITA"]
[Date "2010.10.16"]
[Round "1"]
[White "Rampini, Carlo"]
[Black "Kaczur, Florian"]
[Result "0-1"]
[WhiteElo "1791"]
[BlackElo "2035"]
[PlyCount "72"]
[EventDate "2010.10.16"]

1. e4 c5 2. Nf3 Nc6 3. Bb5 e6 4. Bxc6 bxc6 5. O-O Ne7 6. c4 d6 7. Nc3 e5 8. h3
g6 9. d3 Bg7 10. Be3 f5 11. Qa4 f4 12. Bd2 a5 13. Ne2 Be6 14. Bc3 O-O 15. Kh2
Qc8 16. a3 Bf6 17. Bxa5 g5 18. b4 h5 19. Qd1 g4 20. Nfg1 Qb7 21. Rb1 Qa7 22.
Nc1 Bh4 23. f3 Bg3+ 24. Kh1 Qd7 25. fxg4 hxg4 26. hxg4 Kg7 27. Nf3 Qa7 28. Ng5
Rh8+ 29. Nh3 Qd7 30. Rb2 Bxg4 31. Ne2 Bxh3 32. Kg1 Bg4 33. Qd2 Bxe2 34. Qxe2
Rh4 35. Rf3 Rah8 36. Rxg3+ fxg3 0-1

[Event "XXXII Festival A"]
[Site "Arco ITA"]
[Date "2010.10.16"]
[Round "1"]
[White "Rizzo, Giuseppe"]
[Black "Cavatorta, Fosco"]
[Result "0-1"]
[WhiteElo "1659"]
[BlackElo "1936"]
[PlyCount "94"]
[EventDate "2010.10.16"]

1. d4 d6 2. Nf3 Nf6 3. Nc3 Nbd7 4. e4 e5 5. Be3 c6 6. Qd2 b5 7. Bd3 Be7 8. h3
h6 9. O-O Qc7 10. d5 b4 11. dxc6 Qxc6 12. Bb5 Qb7 13. Nd5 Nxd5 14. Bxd7+ Bxd7
15. exd5 Bf5 16. c4 bxc3 17. bxc3 O-O 18. c4 Rfb8 19. Rac1 Be4 20. Nh2 Qb2 21.
Rfd1 Qa3 22. Rc3 Qb2 23. f3 Qxd2 24. Rxd2 Bf5 25. Rb3 Rxb3 26. axb3 Rb8 27. Rb2
a6 28. Ng4 Bd3 29. Bc1 Bg5 30. Bxg5 hxg5 31. c5 f5 32. Nf2 Bc4 33. cxd6 Bxd5
34. Rd2 Bxb3 35. d7 Rd8 36. Rd6 Ba4 37. Nd3 Rxd7 38. Rxd7 Bxd7 39. Nxe5 Bb5 40.
Kf2 f4 41. Ke1 Kf8 42. h4 gxh4 43. Ng6+ Kf7 44. Nxf4 a5 45. Kd2 g5 46. Nd3 Bxd3
47. Kxd3 Kf6 0-1

[Event "XXXII Festival A"]
[Site "Arco ITA"]
[Date "2010.10.16"]
[Round "1"]
[White "Roversi, Stefano"]
[Black "Zucchelli, Massimo"]
[WhiteElo "1859"]
[BlackElo "2160"]
[Result "1-0"]
[PlyCount "65"]
[EventDate "2010.10.16"]

1. e4 e6 2. d3 d5 3. Nd2 c5 4. g3 Nc6 5. Bg2 g6 6. Ngf3 Bg7 7. O-O Nge7 8. Re1
b6 9. exd5 exd5 10. Nf1 O-O 11. h4 h6 12. N1h2 Be6 13. c3 Qd7 14. Bf4 Rad8 15.
Qd2 Kh7 16. Re2 Rfe8 17. Rae1 b5 18. Ne5 Nxe5 19. Bxe5 Bxe5 20. Rxe5 Nc6 21.
R5e2 d4 22. Be4 f5 23. Bxc6 Qxc6 24. cxd4 Rxd4 25. Qa5 Rxd3 26. Qxa7+ Rd7 27.
Qa5 Kg8 28. Qc3 Kf7 29. Nf3 Bd5 30. Ne5+ Rxe5 31. Qxe5 Rb7 32. h5 Bh1 33. hxg6+
1-0

[Event "XXXII Festival A"]
[Site "Arco ITA"]
[Date "2010.10.16"]
[Round "1"]
[White "Salati, Paolo"]
[Black "Ager, Josef"]
[WhiteElo "1861"]
[BlackElo "2194"]
[Result "0-1"]
[PlyCount "60"]
[EventDate "2010.10.16"]

1. e4 Nf6 2. e5 Nd5 3. d4 d6 4. Nf3 dxe5 5. dxe5 Bg4 6. Be2 Nc6 7. h3 Bf5 8. c3
g6 9. Bc4 Nb6 10. Bb3 Qxd1+ 11. Bxd1 Bg7 12. Bf4 Nc4 13. Ba4 Bd7 14. O-O Nxb2
15. Bxc6 Bxc6 16. Nd4 Nd3 17. Bh2 Bxe5 18. Bxe5 Nxe5 19. f4 Nc4 20. Nxc6 bxc6
21. Rd1 O-O 22. Rd4 Nd6 23. Nd2 Rfd8 24. a4 Rab8 25. Rb1 Rxb1+ 26. Nxb1 Rb8 27.
Nd2 Rb2 28. g4 c5 29. Rd3 Ra2 30. Rd5 e6 0-1

[Event "XXXII Festival A"]
[Site "Arco ITA"]
[Date "2010.10.16"]
[Round "1"]
[White "Schaberg, Wolfgang"]
[Black "Ludwig, Timm"]
[Result "1-0"]
[WhiteElo "1941"]
[BlackElo "1670"]
[PlyCount "53"]
[EventDate "2010.10.16"]

1. e4 c5 2. Nf3 Nc6 3. Nc3 d6 4. d4 cxd4 5. Nxd4 a6 6. Be2 g6 7. Be3 Bg7 8. Qd2
Nf6 9. O-O-O Nxd4 10. Bxd4 O-O 11. h4 h5 12. f3 Kh7 13. Kb1 Bd7 14. Nd5 Nxd5
15. Bxg7 Kxg7 16. exd5 Rc8 17. g4 Rh8 18. gxh5 Bf5 19. Rc1 Rxh5 20. f4 Rh8 21.
h5 Rh6 22. Rhg1 Qb6 23. Rg2 Be4 24. Rg3 Rxc2 25. Rxc2 Qf2 26. Re3 Rxh5 27. Rxe4
1-0

[Event "XXXII Festival A"]
[Site "Arco ITA"]
[Date "2010.10.16"]
[Round "1"]
[White "Schuetzler, Bernd"]
[Black "Blasco, Domenico"]
[Result "0-1"]
[WhiteElo "1707"]
[BlackElo "1961"]
[PlyCount "82"]
[EventDate "2010.10.16"]

1. e4 g6 2. d4 Bg7 3. Nf3 d6 4. Be3 Nd7 5. Bc4 e6 6. O-O Ne7 7. Qd2 h6 8. Nc3
b6 9. Rab1 Bb7 10. d5 e5 11. b4 f5 12. exf5 gxf5 13. Qe1 O-O 14. Rd1 Kh7 15. h3
Nf6 16. Nh2 f4 17. Bc1 Qd7 18. f3 Kh8 19. Rf2 Rac8 20. Rfd2 c6 21. dxc6 Qxc6
22. Nd5 Nexd5 23. Bxd5 Nxd5 24. Rxd5 Rfd8 25. Qf2 Qxc2 26. Qxc2 Rxc2 27. R5d2
Rdc8 28. Rxc2 Rxc2 29. a3 Kg8 30. Ng4 Kf7 31. Nf2 Ke6 32. Nd3 Bf8 33. Re1 Kf5
34. Nf2 Be7 35. Ng4 h5 36. Nf2 Bh4 37. Ne4 Bxe1 38. Nxd6+ Ke6 39. Nxb7 Rxc1 40.
Nd8+ Kd7 41. Nf7 Bg3# 0-1

[Event "XXXII Festival A"]
[Site "Arco ITA"]
[Date "2010.10.16"]
[Round "1"]
[White "Sigillo, Carmelo"]
[Black "Giancotti, Eraldo"]
[Result "0-1"]
[WhiteElo "1807"]
[BlackElo "2062"]
[PlyCount "52"]
[EventDate "2010.10.16"]

1. e4 d6 2. d4 g6 3. Nc3 Bg7 4. Bc4 e6 5. Nf3 a6 6. a4 Ne7 7. O-O Nd7 8. Be3 b6
9. Qd2 h6 10. Ne1 Bb7 11. Bd3 Nf6 12. f4 d5 13. exd5 exd5 14. f5 g5 15. Nf3 Ne4
16. Bxe4 dxe4 17. Nxg5 hxg5 18. f6 Bf8 19. fxe7 Bxe7 20. Qf2 f6 21. Bxg5 e3 22.
Bxe3 Rg8 23. d5 Qd7 24. Qf5 Qd6 25. Qe6 Rxg2+ 26. Kxg2 Qxe6 0-1

[Event "XXXII Festival A"]
[Site "Arco ITA"]
[Date "2010.10.16"]
[Round "1"]
[White "Sigmund, Ingenuin"]
[Black "Kierzek, Mira"]
[Result "0-1"]
[WhiteElo "1801"]
[BlackElo "2053"]
[PlyCount "64"]
[EventDate "2010.10.16"]

1. e4 d5 2. exd5 Qxd5 3. d4 Nf6 4. Nf3 Bg4 5. Be2 e6 6. O-O c6 7. Bf4 Nbd7 8.
c4 Qa5 9. Nc3 Be7 10. h3 Bh5 11. Ne5 Bxe2 12. Qxe2 Rd8 13. g4 h6 14. Rae1 Nxe5
15. dxe5 Nd7 16. a3 O-O 17. Qc2 a6 18. Qc1 Rfe8 19. b4 Qc7 20. Kg2 a5 21. c5
axb4 22. axb4 b6 23. Ne4 bxc5 24. Nd6 cxb4 25. Nxe8 Rxe8 26. Qb2 c5 27. Rc1 c4
28. Qb3 c3 29. Ra1 Nxe5 30. f3 Qc5 31. Ra6 Qb5 32. Rfa1 Qe2+ 0-1

[Event "XXXII Festival A"]
[Site "Arco ITA"]
[Date "2010.10.16"]
[Round "1"]
[White "Sprea, Giuseppe"]
[Black "Tovazzi, Maurizio"]
[Result "1/2-1/2"]
[WhiteElo "1982"]
[BlackElo "1739"]
[PlyCount "89"]
[EventDate "2010.10.16"]

1. c4 Nf6 2. Nf3 g6 3. Nc3 Bg7 4. e4 O-O 5. Be2 d6 6. d4 c6 7. O-O Nbd7 8. Ne1
e5 9. Be3 Re8 10. d5 Nb6 11. Rc1 c5 12. Rb1 Nbd7 13. Qd2 a6 14. a3 b6 15. Bg5
Qc7 16. Nd3 Kh8 17. Bh6 Bxh6 18. Qxh6 Ng8 19. Qd2 Ndf6 20. Rfd1 Kg7 21. Rdc1
Nh6 22. b4 Bd7 23. f3 Nhg8 24. g4 Qd8 25. Rb2 h6 26. bxc5 bxc5 27. Rcb1 Re7 28.
Rb6 Be8 29. Qb2 Rea7 30. Bd1 Kf8 31. Ba4 Ke7 32. Bxe8 Nxe8 33. a4 Ngf6 34. a5
Nd7 35. Na4 g5 36. Rb7 Rxb7 37. Qxb7 Rb8 38. Qxb8 Nxb8 39. Rb7+ Kf6 40. Nb6 Kg6
41. Nb2 Nf6 42. N2a4 h5 43. h3 hxg4 44. hxg4 Qh8 45. Kg2 1/2-1/2

[Event "XXXII Festival A"]
[Site "Arco ITA"]
[Date "2010.10.16"]
[Round "1"]
[White "Stolfa, Rodolfo"]
[Black "Karl, Hans"]
[WhiteElo "1876"]
[BlackElo "2211"]
[Result "0-1"]
[PlyCount "80"]
[EventDate "2010.10.16"]

1. d4 Nf6 2. c4 g6 3. Nc3 Bg7 4. Nf3 d6 5. e3 O-O 6. Bd3 Nbd7 7. O-O e5 8. dxe5
dxe5 9. e4 c6 10. h3 Re8 11. Be3 Qc7 12. Qe2 Nf8 13. b4 Nh5 14. Rac1 Nf4 15.
Qc2 Qd7 16. Bxf4 exf4 17. Rfd1 Qe7 18. a3 a5 19. c5 Be6 20. Bf1 Red8 21. Rxd8
Qxd8 22. Rd1 Qf6 23. Ne2 axb4 24. axb4 Ra2 25. Qc1 Qb2 26. Qb1 Bc4 27. Qxb2
Rxb2 28. Nxf4 Rxb4 29. Bxc4 Rxc4 30. Nd3 Rxe4 31. Rb1 Re7 32. Nc1 Ne6 33. Nb3
Rd7 34. Rc1 Bf8 35. Nfd2 Nxc5 36. Nxc5 Bxc5 37. Nc4 b6 38. Nxb6 Bxb6 39. Rxc6
Rd1+ 40. Kh2 Bxf2 0-1

[Event "XXXII Festival A"]
[Site "Arco ITA"]
[Date "2010.10.16"]
[Round "1"]
[White "Szabo, Bence"]
[Black "Martinez, Guido"]
[WhiteElo "2375"]
[BlackElo "1915"]
[Result "1-0"]
[PlyCount "32"]
[EventDate "2010.10.16"]

1. d4 Nf6 2. c4 g6 3. Nc3 d5 4. cxd5 Nxd5 5. Bd2 Bg7 6. e4 Nxc3 7. Bxc3 O-O 8.
Rc1 e6 9. Nf3 Bd7 10. Bd3 Nc6 11. O-O Ne7 12. Qc2 Rc8 13. Rfd1 c6 14. Qb3 Qb6
15. Qa3 Rfe8 16. Ba5 Ra8 1-0

[Event "XXXII Festival A"]
[Site "Arco ITA"]
[Date "2010.10.16"]
[Round "1"]
[White "Thonig, Manfred"]
[Black "Tomassoni, Leonardo"]
[Result "0-1"]
[WhiteElo "1607"]
[BlackElo "1935"]
[PlyCount "74"]
[EventDate "2010.10.16"]

1. f4 e6 2. Nf3 Nf6 3. e3 b6 4. b3 Bb7 5. Be2 Nc6 6. Bb2 Be7 7. O-O d6 8. Bb5
O-O 9. a3 a6 10. Bd3 h6 11. c4 d5 12. Ne5 dxc4 13. Bxc4 b5 14. Be2 Nd5 15. Bg4
Nxe5 16. fxe5 c5 17. Qf3 Bg5 18. Qh3 Kh8 19. Nc3 Nxc3 20. dxc3 Qd3 21. Rad1
Qxe3+ 22. Qxe3 Bxe3+ 23. Kh1 Bd5 24. Rd3 Bg5 25. Bf3 Rad8 26. Bxd5 Rxd5 27.
Rxd5 exd5 28. e6 Kg8 29. exf7+ Rxf7 30. Rxf7 Kxf7 31. g3 Bf6 32. Kg2 b4 33.
axb4 cxb4 34. Bc1 bxc3 35. h4 d4 36. Kf3 d3 37. Ke3 d2 0-1

[Event "XXXII Festival A"]
[Site "Arco ITA"]
[Date "2010.10.16"]
[Round "1"]
[White "Trois, Francisco R.T."]
[Black "Wild, Katharina"]
[WhiteElo "2309"]
[BlackElo "1906"]
[Result "1-0"]
[PlyCount "74"]
[EventDate "2010.10.16"]

1. Nf3 d5 2. b3 Bf5 3. Bb2 e6 4. c4 Nf6 5. d3 c5 6. cxd5 exd5 7. e3 Nc6 8. a3
Be7 9. Nbd2 O-O 10. Be2 b5 11. O-O a6 12. Re1 Bg6 13. Nh4 d4 14. Nxg6 hxg6 15.
Bf3 Nd5 16. Qc2 Rc8 17. Rac1 Qd7 18. Bxd5 Qxd5 19. exd4 cxd4 20. Nf3 Qd7 21.
Qd2 Bf6 22. Re4 Qd5 23. b4 Qb3 24. Rc5 Rfd8 25. h3 Qa2 26. Re1 Kf8 27. Ra1 Qb3
28. Rac1 Qe6 29. Re1 Qb3 30. Qc2 Qxc2 31. Rxc2 Rd6 32. Rec1 Ke7 33. g3 Kd7 34.
Nd2 Rd5 35. Nb3 Kd6 36. Na5 Nxa5 37. Rxc8 Nb3 1-0

[Event "XXXII Festival A"]
[Site "Arco ITA"]
[Date "2010.10.16"]
[Round "1"]
[White "Valenti, Giuseppe"]
[Black "Del Nevo, Claudio"]
[WhiteElo "2162"]
[BlackElo "1859"]
[Result "0-1"]
[PlyCount "79"]
[EventDate "2010.10.16"]

1. e4 d6 2. d4 Nf6 3. f3 g6 4. Nc3 c6 5. a4 a5 6. Bc4 Bg7 7. Bg5 O-O 8. Qd2 b6
9. Nge2 Ba6 10. Bb3 Nbd7 11. O-O-O b5 12. Ng3 bxa4 13. Nxa4 Bb5 14. h4 h5 15.
Bh6 Bxa4 16. Bxg7 Kxg7 17. Bxa4 Nb6 18. Bxc6 Rc8 19. d5 Nc4 20. Qd4 Ne5 21. f4
Nxc6 22. dxc6 Qc7 23. Rd2 Kh7 24. Re1 Qxc6 25. e5 dxe5 26. fxe5 Rfd8 27. Qf2
Rxd2 28. Qxd2 Ng4 29. Ne4 Qc4 30. Kb1 a4 31. Ng5+ Kg7 32. Re4 Qc5 33. e6 f5 34.
Rxa4 Ne3 35. c3 Rb8 36. Qe2 Qxc3 37. Ra8 Rb3 38. Ra3 Nc4 39. Rxb3 Qxb3 40. Qd1
0-1

[Event "XXXII Festival A"]
[Site "Arco ITA"]
[Date "2010.10.16"]
[Round "1"]
[White "Varzi, Florian"]
[Black "Herman, Matthew J."]
[Result "0-1"]
[WhiteElo "1570"]
[BlackElo "2149"]
[PlyCount "52"]
[EventDate "2010.10.16"]

1. d4 d5 2. c4 c6 3. cxd5 cxd5 4. Nc3 Nf6 5. Bf4 Nc6 6. Nf3 a6 7. e3 Bg4 8. Bd3
g6 9. h3 Bxf3 10. gxf3 Bg7 11. Qb3 Na5 12. Qa4+ b5 13. Nxb5 axb5 14. Bxb5+ Kf8
15. Rc1 Nc4 16. Qb4 Nh5 17. Bh2 Bf6 18. b3 Nd6 19. a4 Kg7 20. Rc5 e6 21. Rc6
Nf5 22. e4 Nxd4 23. Rc5 Nxf3+ 24. Ke2 Nxh2 25. Rxh2 Nf4+ 26. Kf3 Qd6 0-1

[Event "XXXII Festival A"]
[Site "Arco ITA"]
[Date "2010.10.16"]
[Round "1"]
[White "Vaselli, Luciano"]
[Black "Terna, Giovanni"]
[Result "1/2-1/2"]
[WhiteElo "1732"]
[BlackElo "1979"]
[PlyCount "128"]
[EventDate "2010.10.16"]

1. d4 Nf6 2. c4 g6 3. Nc3 Bg7 4. e4 d6 5. f3 O-O 6. Be3 e5 7. Bd3 c6 8. Nge2
Nbd7 9. Qd2 a6 10. a4 exd4 11. Bxd4 Ne5 12. O-O Be6 13. Bxe5 dxe5 14. a5 Bxc4
15. Rfd1 Bxd3 16. Qxd3 Qxd3 17. Rxd3 Rfd8 18. Rad1 Rxd3 19. Rxd3 Bf8 20. Na2
Be7 21. Rb3 Rd8 22. Nec3 Rd7 23. Kf1 Bd8 24. Na4 Bxa5 25. Nc5 Rd1+ 26. Ke2 Rd2+
27. Kf1 b5 28. Nxa6 Nd7 29. N2b4 Bxb4 30. Rxb4 Rd4 31. Rxd4 exd4 32. Ke2 c5 33.
Kd3 Ne5+ 34. Kc2 d3+ 35. Kd2 Nc4+ 36. Kxd3 Nxb2+ 37. Kc2 Na4 38. Nc7 b4 39. Na6
Kg7 40. Kb3 Nc3 41. Nxc5 Nd1 42. Nd3 Ne3 43. Ne1 Kf6 44. Kxb4 Ke5 45. Kc3 Nf1
46. h3 Ng3 47. Nd3+ Ke6 48. Kd2 f5 49. Ke3 fxe4 50. fxe4 Nf1+ 51. Kd4 Ng3 52.
Ke3 Nf1+ 53. Ke2 Ng3+ 54. Kf3 Nf1 55. Kf4 Nd2 56. g4 h6 57. h4 g5+ 58. hxg5
hxg5+ 59. Ke3 Nf1+ 60. Kd4 Nh2 61. Nf2 Nf3+ 62. Ke3 Ne5 63. Ke2 Kf6 64. Ke3 Ke6
1/2-1/2

[Event "XXXII Festival A"]
[Site "Arco ITA"]
[Date "2010.10.16"]
[Round "1"]
[White "Virzi, Ettore"]
[Black "Bortolotti, Silvano"]
[Result "1-0"]
[WhiteElo "2002"]
[BlackElo "1778"]
[PlyCount "124"]
[EventDate "2010.10.16"]

1. e4 e5 2. Nf3 Nc6 3. Bb5 a6 4. Ba4 Nf6 5. O-O b5 6. Bb3 Be7 7. Re1 O-O 8. h3
d6 9. c3 h6 10. d4 Nd7 11. Nbd2 Kh8 12. Nf1 f6 13. Bd5 Bb7 14. Nh4 Qe8 15. Qg4
g5 16. Ng6+ Qxg6 17. Qxd7 Qe8 18. Qxc7 Qc8 19. Qxc8 Raxc8 20. Ng3 Rc7 21. Be3
Bc8 22. Rec1 Bd7 23. Nf5 Kh7 24. Bxc6 Bxc6 25. d5 Ba8 26. c4 bxc4 27. Nxe7 Rxe7
28. Rxc4 Rff7 29. Rac1 f5 30. f3 fxe4 31. fxe4 Kg6 32. b4 Rf6 33. a4 Rf8 34. b5
axb5 35. axb5 Rb8 36. b6 Ree8 37. Kf2 Bb7 38. Rc6 Red8 39. Rc7 Rf8+ 40. Ke1 Ba6
41. Kd2 Rfd8 42. Ra1 Bb5 43. Ra5 Bf1 44. b7 Bxg2 45. Ba7 Rxb7 46. Rxb7 Bxe4 47.
Rb4 Bg2 48. h4 e4 49. hxg5 Kxg5 50. Be3+ Kg6 51. Bf4 h5 52. Rb6 Kf5 53. Rxd6
Rg8 54. Be3 Bf3 55. Raa6 Rg2+ 56. Kc3 Re2 57. Kd4 Re1 58. Rf6+ Kg4 59. Rg6+ Kh3
60. Ra2 Rd1+ 61. Rd2 Rf1 62. Bf4 Bg4 1-0

[Event "XXXII Festival A"]
[Site "Arco ITA"]
[Date "2010.10.16"]
[Round "1"]
[White "Wagner, Frank"]
[Black "Bove, Alessandro"]
[WhiteElo "1919"]
[BlackElo "2397"]
[Result "0-1"]
[PlyCount "82"]
[EventDate "2010.10.16"]

1. Nf3 Nf6 2. d3 d5 3. g3 g6 4. Bg2 Bg7 5. O-O O-O 6. Nbd2 Nc6 7. c4 e5 8. cxd5
Nxd5 9. a3 Nd4 10. Nc4 Bg4 11. e3 Nc6 12. h3 Be6 13. Rb1 Nb6 14. b3 e4 15. Nxb6
exf3 16. Nxa8 fxg2 17. Kxg2 Qxa8 18. Bb2 Qc8 19. Rh1 Rd8 20. Bxg7 Bd5+ 21. f3
Kxg7 22. Qc2 f6 23. d4 Be6 24. g4 f5 25. Qc3 Kg8 26. gxf5 Bxf5 27. e4 Nxd4 28.
Rbd1 c5 29. exf5 Qxf5 30. Qe3 Rf8 31. Rhf1 Ne6 32. f4 Nxf4+ 33. Kh2 g5 34. Rc1
b6 35. b4 cxb4 36. axb4 Rf7 37. Rcd1 Qf6 38. Qe8+ Kg7 39. Qe3 Re7 40. Qd4 Re2+
41. Rf2 Qxd4 0-1

[Event "XXXII Festival A"]
[Site "Arco ITA"]
[Date "2010.10.16"]
[Round "1"]
[White "Welz, Peter"]
[Black "Moratto, Davide"]
[Result "1-0"]
[WhiteElo "2156"]
[BlackElo "1854"]
[PlyCount "61"]
[EventDate "2010.10.16"]

1. e4 c6 2. d4 g6 3. f4 d5 4. e5 h5 5. Nf3 Bg4 6. h3 Bxf3 7. Qxf3 e6 8. Bd3 Qb6
9. O-O Nd7 10. c3 c5 11. Kh1 cxd4 12. cxd4 Ne7 13. Nc3 a6 14. Be3 Nf5 15. b3 h4
16. Ne2 Ba3 17. Rab1 Rc8 18. Bf2 Nb8 19. b4 Nc6 20. Bxf5 gxf5 21. Qxa3 Qb5 22.
Rfe1 Ke7 23. Qb3 Rcg8 24. a4 Qb6 25. b5 Na5 26. Qb4+ Kd7 27. Qc5 Qxc5 28. dxc5
Rc8 29. c6+ bxc6 30. bxa6 c5 31. Rb5 1-0

[Event "XXXII Festival A"]
[Site "Arco ITA"]
[Date "2010.10.16"]
[Round "1"]
[White "Zangrando, Gianpietro"]
[Black "Rotoni, Matteo"]
[Result "1/2-1/2"]
[WhiteElo "1822"]
[BlackElo "2132"]
[PlyCount "110"]
[EventDate "2010.10.16"]

1. c4 e5 2. Nc3 Nc6 3. g3 g6 4. Bg2 Bg7 5. e3 d6 6. Nge2 h5 7. h4 Nh6 8. O-O
Be6 9. d4 Bxc4 10. Qa4 Bxe2 11. Bxc6+ bxc6 12. Qxc6+ Kf8 13. Nxe2 Rb8 14. d5
Nf5 15. Qc2 Bf6 16. e4 Nd4 17. Nxd4 exd4 18. Rb1 Kg7 19. b3 Re8 20. Bb2 Qe7 21.
Rfe1 Rb4 22. a3 Rb6 23. Qd3 Reb8 24. Bxd4 R6b7 25. b4 Kg8 26. Qc3 Bxd4 27. Qxd4
a5 28. Rec1 axb4 29. Rxb4 Rxb4 30. axb4 Qd7 31. Rc6 Rb7 32. Qc3 Qe7 33. Qc4 f6
34. b5 Qd8 35. Ra6 Qe8 36. Ra5 Qb8 37. Qc6 Kg7 38. Kg2 Kh6 39. f4 Ra7 40. Qc3
Kg7 41. Qa3 Rxa5 42. Qxa5 Kh6 43. Qa6 Qe8 44. Kf3 f5 45. Qa4 fxe4+ 46. Ke3 Kh7
47. Qc4 Kh6 48. Qc6 Qb8 49. Kxe4 Qa7 50. Qc3 Kh7 51. Qc4 Qa5 52. Kf3 Qa3+ 53.
Kg2 Qb2+ 54. Kf3 Qa3+ 55. Kg2 Qb2+ 1/2-1/2

[Event "XXXII Festival A"]
[Site "Arco ITA"]
[Date "2010.10.16"]
[Round "1"]
[White "Ziltener, Werner"]
[Black "Cavatorta, Ivan"]
[Result "1/2-1/2"]
[WhiteElo "2116"]
[BlackElo "1815"]
[PlyCount "97"]
[EventDate "2010.10.16"]

1. Nf3 Nf6 2. c4 c6 3. b3 d5 4. Bb2 e6 5. g3 Ne4 6. cxd5 exd5 7. Bg2 Bc5 8. O-O
O-O 9. Qc2 Be7 10. d3 Ng5 11. Nbd2 Nxf3+ 12. Nxf3 a5 13. e4 Be6 14. Nd4 Bf6 15.
Nxe6 fxe6 16. Bh3 Qd6 17. e5 Bxe5 18. Bxe5 Qxe5 19. Rae1 Qh5 20. Bxe6+ Kh8 21.
Qc5 Na6 22. Qxa5 Qg6 23. d4 Qd3 24. Rd1 Qe2 25. Bh3 Rxf2 26. Rxf2 Qxd1+ 27. Kg2
Qxd4 28. Qe1 Qe4+ 29. Qxe4 dxe4 30. Bf5 Nb4 31. Bxe4 Rxa2 32. Rxa2 Nxa2 33. Bf5
Kg8 34. Bc8 b6 35. Be6+ Kf8 36. Kf3 Ke7 37. Bg8 h6 38. Ke4 Kf6 39. Bc4 Nb4 40.
Bg8 b5 41. Kd4 Na6 42. Ke4 g6 43. Kd4 c5+ 44. Ke4 Nc7 45. h3 Kg7 46. Bd5 Nxd5
47. Kxd5 c4 48. bxc4 bxc4 49. Kxc4 1/2-1/2